La finca / (Record no. 193227)
[ view plain ]
| 000 -LEADER | |
|---|---|
| campo de control de longitud fija | 02167nam a2200349 i 4500 |
| 001 - NÚMERO DE CONTROL | |
| campo de control | 193227 |
| 003 - IDENTIFICADOR DE NÚMERO DE CONTROL | |
| campo de control | SpMaBN |
| 005 - FECHA Y HORA DE LA ÚLTIMA TRANSACCIÓN | |
| campo de control | 20250804062654.0 |
| 007 - CAMPO FIJO DE DESCRIPCIÓN FÍSICA--INFORMACIÓN GENERAL | |
| campo de control de longitud fija | ta |
| 008 - DATOS DE LONGITUD FIJA--INFORMACIÓN GENERAL | |
| campo de control de longitud fija | 210929s2020 sp | |||| 000 f spa |
| 017 ## - NÚMERO DE COPYRIGHT O DE DEPÓSITO LEGAL | |
| Número de copyright o de depósito legal | M 7797-2020 |
| Agencia que asigna | Oficina Depósito Legal Madrid |
| 020 ## - NÚMERO INTERNACIONAL ESTÁNDAR DEL LIBRO | |
| Número Internacional Estándar del Libro | 9788491648352 |
| 035 ## - NÚMERO DE CONTROL DEL SISTEMA | |
| Número de control de sistema | a6951340 |
| 040 ## - FUENTE DE CATALOGACIÓN | |
| Centro catalogador/agencia de origen | SpMaBN |
| Lengua de catalogación | spa |
| Centro/agencia transcriptor | SpMaBN |
| Normas de descripción | rda |
| 080 ## - NÚMERO DE LA CLASIFICACIÓN DECIMAL UNIVERSAL | |
| Número de la Clasificación Decimal Universal | 821.134.2-31"20" |
| 100 ## - ENTRADA PRINCIPAL--NOMBRE DE PERSONA | |
| Nombre de persona | García Mateache, Aurora, |
| Fechas asociadas al nombre | 1982- |
| Relación | aut |
| Término indicativo de función/relación | Autor |
| 9 (RLIN) | 234262 |
| 245 13 - MENCIÓN DEL TÍTULO | |
| Título | La finca / |
| Mención de responsabilidad, etc. | Aurora García Mateache |
| 250 ## - MENCION DE EDICION | |
| Mención de edición | Primera edición: julio de 2020 |
| 264 #1 - PRODUCCIÓN, PUBLICACIÓN, DISTRIBUCIÓN, FABRICACIÓN Y COPYRIGHT | |
| Producción, publicación, distribución, fabricación y copyright | Madrid : |
| Nombre del de productor, editor, distribuidor, fabricante | La Esfera de los Libros, |
| Fecha de producción, publicación, distribución, fabricación o copyright | 2020 |
| 300 ## - DESCRIPCIÓN FÍSICA | |
| Extensión | 426 páginas ; |
| Dimensiones | 23 cm |
| 336 ## - TIPO DE CONTENIDO | |
| Término de tipo de contenido | Texto |
| Fuente | rdacontent |
| 337 ## - TIPO DE MEDIO | |
| Nombre/término del tipo de medio | sin mediación |
| Fuente | rdamedia |
| 338 ## - TIPO DE SOPORTE | |
| Nombre/término del tipo de soporte | volumen |
| Fuente | rdacarrier |
| 520 ## - RESUMEN, ETC. | |
| Sumario, etc. | Unas señas en un posavasos con una palabra indescifrable y un dibujo de dos siluetas femeninas cambiará para siempre el destino de la joven periodista Claudia Abril. Recién designada corresponsal de la Casa del Rey, en un viaje del jefe de Estado a Rusia conocerá a Mod, una misteriosa y excéntrica heredera de una de las familias más ricas y poderosas del país.<br/><br/>Mod le abrirá las puertas de un mundo completamente desconocido para ella, con atardeceres en safaris de caza en medio de la sabana africana, veladas en casinos de alta mar en el Golfo Pérsico y fiestas en las que nunca amanece. Claudia, envuelta en una dulce e inquietante nebulosa y atada a un amor fatídico, quedará atrapada como una pieza más de una partida de ajedrez, que involucrará a los poderes del Estado, orquestada por una familia poseída por el orgullo, la traición y la obsesión con Amalur, la finca alrededor de la cual todo gira y se destruye. |
| 655 #0 - TERMINO DE INDIZACIÓN--GENERO/FORMA | |
| Datos o término principal de género/forma | Novelas |
| 9 (RLIN) | 234319 |
| 852 ## - LOCALIZACIÓN | |
| Ubicación | ES-MaACL |
| Sublocalización o colección | R. 154622 |
| Ubicación en estantería | Depósito J |
| Número de control de estantería | N-9388 |
| itemnumber | 200648 |
| Donativo/Legado | Donación: Editorial |
| Encuadernación | Encuadernación rústica con solapas |
| 942 ## - ELEMENTOS DE ENTRADA SECUNDARIOS (KOHA) | |
| Suprimir en OPAC | No |
| Tipo de ítem Koha | Libro impreso |
| Estatus retirado | Estado de pérdida | Fuente del sistema de clasificación o colocación | Estado de daño | No para préstamo | Biblioteca de origen | Biblioteca actual | Ubicación en estantería | Fecha de adquisición | Fuente de adquisición | Número de control de estantería | Total de préstamos | Signatura topográfica completa | Código de barras | Visto por última vez | Tipo de ítem Koha |
|---|---|---|---|---|---|---|---|---|---|---|---|---|---|---|---|
| Clasificación decimal universal | Biblioteca del Ateneo de Madrid | Biblioteca del Ateneo de Madrid | Depósito J | 18/10/2023 | Donación | Ateneísta | N-9388 | 101205937 | 18/10/2023 | Libro impreso |
